000 00674nam a22001817a 4500
003 LK-CoMWRAF
005 20231214090348.0
008 231214b |||||||| |||| 00| 0 eng d
040 _aLK-CoMWRAF
_dLK-CoMWRAF
_eLK-CoMWRAF
041 _asin
082 _a344.73
_bKUM
100 _aකුමාරි, ලිලන්ති
245 _aවිදේශගත ශ්‍ර‍මිකයන්ට නීති ආධාර ලබාදීම
246 _avideshagatha shramikayanta neethi adara labadeema
260 _aකොළඹ :
_bනීති ආධාර කොමිෂන් සභාව
_c2010
650 _aනීති ආධාර සේවය
942 _cBK
999 _c4439
_d4439